| 000 | 00620nam a2200205 a 4500 | ||
|---|---|---|---|
| 005 | 20250116063843.0 | ||
| 008 | 991125s2003 es 000 0 spa u | ||
| 020 | _a9684764154 | ||
| 035 | _aUPN01000131288 | ||
| 049 | _aCG | ||
| 050 | 4 |
_aLB41 _bQ8.4 |
|
| 245 | 0 | 0 |
_a15 personajes en busca de otra escuela / _cBasil Bernstein ... [et al.] ; ed. Fabricio Caivano. |
| 260 |
_aBarcelona, Esp. : _bFontamara, _c2003. |
||
| 300 | _a235 p. | ||
| 440 | 0 |
_aFontamara ; _v298 |
|
| 650 | 4 |
_aEducación _9682 |
|
| 700 | 1 |
_aBernstein, Basil B., _d1924-2002 _ecoaut. _934813 |
|
| 700 | 1 |
_aCaivano, Fabricio, _eed. |
|
| 905 | _aLibro | ||
| 999 |
_c103443 _d103443 |
||